000 00696nam a2200229Ia 4500
003 OSt
005 20220927105227.0
006 a|||||r|||| 00| 0
007 ta
008 220926b |||||||| |||| 00| 0 eng d
024 _a187944
037 _cReference Collections
040 _aRTL
_cRTL
_beng
041 _2eng
_aeng
082 _a"X91.2.N8, M8/SC"
100 _aSuri K. B. Ed.
_9371193
245 0 _aSmall scale enterprises in industrial development
_b The indian experience
260 _aNew
_bDelhi Sage Publications
_c1988
300 _a348p
_ccm.
942 _h"X91.2.N8, M8/SC"
_cCC
999 _c691420
_d691420